000 00626nam a2200217 a 4500
001 BRCA_803
005 20190320203145.0
008 060508s1984----sp-a---###---#000-0#spa-#
020 _a8434578107
041 _aspa
044 _asp
050 4 _aD23
_b.S25 9
_c1984
100 1 _aRodríguez Adrados, Jesús V.
_92667
245 1 0 _aDioses y héroes
_bmitos clásicos
_cJesús V. Rodríguez Adrados.
260 _aBarcelona
_bSalvat
_c1984
300 _a64 p.
_bil. a color
_c19 cm.
440 0 _aColección Salvat
_pTemas clave
_v9
_92668
504 _aBibliografía: p. 64
650 1 4 _aMitología griega
_92669
942 _2lcc
_cB
999 _c698
_d698